The Bible for dummies / (Record no. 1376)

MARC details
000 -LEADER
fixed length control field 00989cam a22003014a 4500
005 - DATE AND TIME OF LATEST TRANSACTION
control field 20260322212058.0
008 - FIXED-LENGTH DATA ELEMENTS--GENERAL INFORMATION
fixed length control field data
010 ## - LIBRARY OF CONGRESS CONTROL NUMBER
LC control number 00112065
020 ## - INTERNATIONAL STANDARD BOOK NUMBER
International Standard Book Number 0764552961
020 ## - INTERNATIONAL STANDARD BOOK NUMBER
International Standard Book Number 9780764552960
040 ## - CATALOGING SOURCE
Original cataloging agency DLC
Transcribing agency DLC
Modifying agency DLC
042 ## - AUTHENTICATION CODE
Authentication code pcc
050 00 - LIBRARY OF CONGRESS CALL NUMBER
Classification number BS475.3
Item number .G46 2003
082 00 - DEWEY DECIMAL CLASSIFICATION NUMBER
Classification number 220.6/1
Edition information 21
092 ## - LOCALLY ASSIGNED DEWEY CALL NUMBER (OCLC)
Classification number 220.6 G46 2003
001 - CONTROL NUMBER
control field data
100 1# - MAIN ENTRY--PERSONAL NAME
Personal name Geoghegan, Jeffrey C.
245 14 - TITLE STATEMENT
Title The Bible for dummies /
Statement of responsibility, etc. Jeffrey C. Geoghegan & Michael M. Homan.
260 ## - PUBLICATION, DISTRIBUTION, ETC.
Place of publication, distribution, etc. New York :
Name of publisher, distributor, etc. Wiley Pub.,
Date of publication, distribution, etc. c2003.
300 ## - PHYSICAL DESCRIPTION
Extent xx, 408 p. :
Other physical details ill. ;
Dimensions 24 cm.
440 #0 - SERIES STATEMENT/ADDED ENTRY--TITLE
Title --For dummies
500 ## - GENERAL NOTE
General note Includes index.
630 00 - SUBJECT ADDED ENTRY--UNIFORM TITLE
Uniform title Bible
Form subdivision Introductions.
700 1# - ADDED ENTRY--PERSONAL NAME
Personal name Homan, Michael M.
856 42 - ELECTRONIC LOCATION AND ACCESS
Materials specified Contributor biographical information
Uniform Resource Identifier <a href="http://www.loc.gov/catdir/bios/wiley045/00112065.html">http://www.loc.gov/catdir/bios/wiley045/00112065.html</a>
856 42 - ELECTRONIC LOCATION AND ACCESS
Materials specified Publisher description
Uniform Resource Identifier <a href="http://www.loc.gov/catdir/description/wiley039/00112065.html">http://www.loc.gov/catdir/description/wiley039/00112065.html</a>
856 41 - ELECTRONIC LOCATION AND ACCESS
Materials specified Table of contents
Uniform Resource Identifier <a href="http://www.loc.gov/catdir/toc/wiley031/00112065.html">http://www.loc.gov/catdir/toc/wiley031/00112065.html</a>
Holdings
Withdrawn status Lost status Damaged status Not for loan Home library Current library Shelving location Date acquired Total checkouts Full call number Barcode Date last seen Price effective from Koha item type
        Institut Protestant de Théologie Institut Protestant de Théologie General stacks 22/03/2026   220.6/1 21 BC0011422 22/03/2026 22/03/2026 Books